Szczegóły MARC21

Nowe Ateny Benedykta Chmielowskiego : metoda, styl, język /

003 -Nazwa inst., której nr kontr. jest w polu 001 [,]
    • @
    • Nazwa instytucji, której n kontrolny jest w polu 001
    • NUKAT
005 -DATA I CZAS OSTATNIEJ MODYFIKACJI [,]
    • @
    • pole kontrolne
    • 20250315031210.0
040 -Instytucja sporządzająca opis [ , ]
    • a
    • Instytucja, która sporządziła opis (NP)
    • WA U/GZ
    • c
    • Instytucja, która sporządziła rekord (NP)
    • WA U/GZ
    • d
    • Instytucja, która zmodyfikowała rekord (P)
    • WA U/JS
    • d
    • Instytucja, która zmodyfikowała rekord (P)
    • KR U/56AA
041 -Język dokumentu [0, ]
    • a
    • Język tekstu (P)
    • polski
    • b
    • Język streszczeń lub abstraktu (P)
    • francuski
942 -Rodzaj dokumentu [ , ]
    • c
    • Rodzaj dokumentu
    • Książka
100 -Hasło główne - nazwa osobowa [1, ]
    • a
    • Nazwa osobowa (NP)
    • Rybicka-Nowacka, Halina
    • d
    • Daty biograficzne (NP)
    • (1929-1992).
    • 9
    • KHW
    • 10740
245 -Strefa tytułu i oznaczenia odpowiedzialności [1,0]
    • a
    • Tytuł
    • Nowe Ateny Benedykta Chmielowskiego : Find
    • b
    • Ciąg dalszy tytułu (NP)
    • metoda, styl, język / Find
    • c
    • Pozostałe elementy strefy tytułu i oznaczenia odpowiedzialności (NP)
    • Halina Rybicka-Nowacka.
260 -Strefa adresu wydawniczego [ , ]
    • a
    • Miejsce wydania (P)
    • Warszawa :
    • b
    • Nazwa wydawcy (P)
    • Państwowe Wydaw. Naukowe,
    • c
    • Data wydania (P)
    • 1974.
300 -Strefa opisu fizycznego [ , ]
    • a
    • Określenie formy książki i/lub objętość (NP)
    • 159 [1] s. ;
    • c
    • Format (NP)
    • 24 cm.
336 -Typ zawartości [ , ]
    • a
    • Termin opisujący typ zawartości
    • Tekst
    • b
    • Kod określający zawartość
    • txt
    • 2
    • Źródło (terminu i kodu)
    • rdacontent
337 -Typ mediów [ , ]
    • a
    • Tryb odtwarzania
    • Bez urządzenia pośredniczącego
    • b
    • Kod typu mediów
    • n
    • 2
    • Źródło (terminu i kodu)
    • rdamedia
338 -Typ/rodzaj nośnika [ , ]
    • a
    • Hasło opisujące typ nośnika
    • Wolumin
    • b
    • Kod typu nośnika
    • nc
    • 2
    • Źródło (terminu i kodu)
    • rdacarrier
490 -Strefa serii i książki wielotomowej - forma nie do wyszukiwania [1, ]
    • a
    • Tytuł (P)
    • Rozprawy Uniwersytetu Warszawskiego = Find
    • a
    • Tytuł (P)
    • Dissertationes Universitatis Varsoviensis Find
    • v
    • Numeracja (P)
    • 75
830 -Hasło dodatkowe serii i opisu książki wielotomowej - tytuł ujednolicony/tytuł [ ,0]
    • a
    • Tytuł ujednolicony/tytuł (NP)
    • Rozprawy Uniwersytetu Warszawskiego
    • x
    • ISSN
    • 0509-7177
    • v
    • Oznaczenie tomu (NP)
    • 75
    • 9
    • KHW
    • 10727
502 -Uwaga dot. dysertacji [ , ]
    • a
    • Uwaga dot. dysertacji
    • Rozprawa habilitacyjna. Uniwersytetu Warszawski, 1974.
504 -Uwaga dot. bibliogr. załącznikowej [ , ]
    • a
    • Uwaga dot. bibliografii załącznikowej
    • Bibliogr. s. 158-[160].
546 -Uwaga dot. języka [ , ]
    • a
    • Uwaga dot. języka
    • Streszcz. fr.
080 -Uniwersalna Klasyfikacja Dziesiętna [ , ]
    • 2
    • Identyfikator wydania tablic
    • UDC-P058
    • 9
    • UKD
    • 6484
    • a
    • Symbol klasyfikacji
    • 811.162.1(091)
    • b
    • Dopowiedzenie
    • Historia języka polskiego.
    • 4
    • UKD2
    • 8253
    • x
    • Poddział wspólny
    • "17"
    • c
    • Dopowiedzenie poddz. wspólnego
    • Wiek XVIII.
080 -Uniwersalna Klasyfikacja Dziesiętna [ , ]
    • 2
    • Identyfikator wydania tablic
    • UDC-P058
    • 9
    • UKD
    • 2319
    • a
    • Symbol klasyfikacji
    • 030
    • b
    • Dopowiedzenie
    • Encyklopedie. Leksykony. Wydawnictwa informacyjne.
    • 4
    • UKD2
    • 8253
    • x
    • Poddział wspólny
    • "17"
    • c
    • Dopowiedzenie poddz. wspólnego
    • Wiek XVIII.
    • 4
    • UKD2
    • 7642
    • x
    • Poddział wspólny
    • (438)
    • c
    • Dopowiedzenie poddz. wspólnego
    • (Polska).
600 -Hasło przedmiotowe w formie nazwy osobowej [1,7]
    • a
    • Nazwa osobowa
    • Chmielowski, Benedykt
    • d
    • Daty związane z nazwą
    • (1700-1763).
    • t
    • Tytuł
    • Nowe Ateny
    • 2
    • Źródło terminu
    • kaba
    • 9
    • KHW
    • 323850
650 -Hasło przedmiotowe [ ,7]
    • a
    • Hasło przedmiotowe
    • Język polski
    • x
    • Określnik rzeczowy
    • składnia
    • x
    • Określnik rzeczowy
    • historia.
    • 2
    • Źródło terminu
    • kaba
    • 9
    • KHW
    • 411141
650 -Hasło przedmiotowe [ ,7]
    • a
    • Hasło przedmiotowe
    • Język polski
    • x
    • Określnik rzeczowy
    • słowotwórstwo
    • x
    • Określnik rzeczowy
    • historia.
    • 2
    • Źródło terminu
    • kaba
    • 9
    • KHW
    • 371568
980 -Symbol UKD [ , ]
    • a
    • UKD
    • 811.162.1(091):030(438)]"17"
931 -Powiązanie tyt. z wydaw. ciągłym [ , ]
    • a
    • Powiązanie tytułówki z wydaw. ciągłym
    • PATRZ WYDAWNICTWO CIĄGŁE
    • z
    • Numer rek. powiązanego
    • 119340